Регионална библиотека "Любен Каравелов" - Русе

Сорго (Запис номер 380432)

MARC детайли
000 -Лидер
Контролно поле с фиксирана дължина 01313nam a2200337 c 4500
003 - Код на организацията, давaща контролен номер
Контролно поле BLK
005 - Дата и час на последна редакция
Контролно поле 20200807113224.0
008 - Елементи от данни с фиксирана дължина
fixed length control field 200311b bul|||||r ||||||| ||bul||
040 ## - Източник на каталожния запис
Идентификатор на билиотеката - собственик на записа BLK
041 ## - Код за език
Код за езика на текст/звукозапис или на отделно заглавие Български
Код за езика КДБФ Български
080 ## - УДК
Текстов определител УДК Житни растения. Зърнени култури
УДК код - определител по УДК 633.1
УДК - код + определител 633.1
100 ## - Редна дума - Автор
Автор Шентов, Рад
Авторска отговорност първи автор
R(LIN) 425167
139 ## - Редно поле
Редна дума Шентов, Рад
245 10 - Сведения за заглавието
Заглавие Сорго
Подзаглавни данни Основни агротехн. мероприятия при отглеждането му
Редно поле (дума) Рад Шентов.
257 ## - Страна на издаване
Страна на създаване/издаване България
260 ## - Област на издателските данни
Място на издаване, разпространение и проч. София
Име на издателя, разпространителя и проч. Земиздат
Година на издаване 1966
300 ## - Физическа характеристика
Страници 31 с.
Илюстрации и др. с табл.
Размери/Мащаб 18 см
380 ## - Жанр
Жанр Селско стопанство
490 ## - СЕРИИ (Колекции)
Име на серия Библиотека Зърнени и тревни фуражни култури
9 (RLIN) 422665
500 ## - Общи забележки
Забележка Изд. на М-во на земед. Управл. Селскостоп. пропаганда и внедряване на науч. постижения и челния опит.
650 #0 - Допълнително описание по предмет – тема
Основно описание – тема или топоним Зърнено-житни култури - агротехника
9 (RLIN) 287488
852 ## - Местоположение
Форматна сигнатура Цб І 8335
Фондова буква Хранилище
856 4# - Електронен адрес и достъп
Електронен формат pdf - файл
Път до файла /url/
856 4# - Електронен адрес и достъп
Електронен формат pdf - файл
Път до файла /url/
999 ## - СИСТЕМНИ КОНТРОЛНИ НОМЕРА
Koha biblionumber 380432
Koha biblioitemnumber 380432
942 ## - АРТИКУЛИ
Вид на библиотечния материал Книги
Скрит в OPAC Не
Периодичен библиозапис Да
944 ## - СЪЗДАВАНЕ И РЕДАКЦИЯ на ЗАПИСА
Създаване/Редакция Създаване
Дата на регистрацията/редакция 2020-08-07
Служител, извършил регистрацията/редакцията НР
Наличности
Код за отписване Код за изгубен артикул Източник на класификационната схема Код за повреда Коз за рестрикции Код за отдаване Артикулен № Име на библиотеката - собственик Име на библиотеката, в която се намира в момента Статус (Текущо местоположение) Дата на вписване в системата Местоположение - отдел Цена в лева Инвентарен номер Систематично азбучна сигнатура Баркод Цена в евро Служебен тип на артикула
  Не е изгубен Universal Decimal Classification Не е повреден само за читалня ползва се в читалня 790574 Регионална библиотека "Любен Каравелов" Русе Регионална библиотека "Любен Каравелов" Русе Хранилище 2020-08-13 Хранилище 0.03 6969/66 Цб І 8335 900000029247 0.02 Книги
Vip Innovations Ltd, Rousse, Bulgaria 2025